Đánh giá thực trạng nhà trọ sinh viên làm cơ sở quy hoạch nhà ở sinh viên trên nền tảng phát triển đô thị Thành Phố Cần Thơ : Luận văn thạc sĩ: Chuyên ngành: Khoa học Quản lý đất đai

Thành phố Cần Thơ giữ vai trò chủ đạo trong phát triển hệ thống giáo dục đại học và sau đại học với nhiệm vụ là trọng điểm về đào tạo nguồn nhân lực cho vùng đồng bằng sông Cửu Long.

Bewaard in:
Bibliografische gegevens
Hoofdauteur: Lê, Quốc Dũng
Formaat: Boek
Taal:Undetermined
Gepubliceerd in: Cần thơ Đại học cần Thơ 2013
Onderwerpen:
Tags: Voeg label toe
Geen labels, Wees de eerste die dit record labelt!
Thư viện lưu trữ: Trung tâm Học liệu Trường Đại học Cần Thơ
LEADER 01232nam a2200229Ia 4500
001 CTU_183298
008 210402s9999 xx 000 0 und d
082 |a 711.4 
082 |b D513 
088 |a 606216 
100 |a Lê, Quốc Dũng 
245 0 |a Đánh giá thực trạng nhà trọ sinh viên làm cơ sở quy hoạch nhà ở sinh viên trên nền tảng phát triển đô thị Thành Phố Cần Thơ : 
245 0 |b Luận văn thạc sĩ: Chuyên ngành: Khoa học Quản lý đất đai 
245 0 |c Lê Quốc Dũng ; Lê Tấn Lợi (Người hướng dẫn khoa học) 
260 |a Cần thơ 
260 |b Đại học cần Thơ 
260 |c 2013 
520 |a Thành phố Cần Thơ giữ vai trò chủ đạo trong phát triển hệ thống giáo dục đại học và sau đại học với nhiệm vụ là trọng điểm về đào tạo nguồn nhân lực cho vùng đồng bằng sông Cửu Long. 
650 |a Quy hoạch đô thị,City planning 
650 |z Cantho (Vietnam) 
904 |i Trần Thị Nhơn Ái 
980 |a Trung tâm Học liệu Trường Đại học Cần Thơ